Contratos da administração pública : (Record no. 121)

MARC details
000 -LÍDER
Campo Fixo de Controle 00993cam a2200253 a 4500
001 - NÚMERO DE CONTROLE
Campo de Controle 121
003 - IDENTIFICAÇÃO DO NÚMERO DE CONTROLE
Campo de Controle BR-CuiBMT
005 - DATA E HORA DA ÚLTIMA ATUALIZAÇÃO
Campo de Controle 20231113222126.0
008 - DADOS FIXOS
Dados Fixos 230816s2022 mgba 000 0 por d
020 ## - INTERNATIONAL STANDARD BOOK NUMBER
Nº do ISBN 9786555182347
040 ## - AGÊNCIA CATALOGADORA
Código da Agência Catalogadora BR-CuiBMT
Agência que transcreveu o registro BR-CuiBMT
080 ## - Nº DA CLASSIFICAÇÃO DECIMAL UNIVERSAL
Nº edição CDU 2007
Nº Class. CDU 351.712.2
090 ## - NÚMERO DE CHAMADA
Nº classificação 351.712.2
Cutter R375c
100 1# - ENTRADA PRINCIPAL -- AUTOR PESSOAL
Nome pessoal Reis, Paulo Sérgio de Monteiro
245 1# - TÍTULO PRINCIPAL
Título principal Contratos da administração pública :
Subtítulo administração direta e estatais : formalização, conteúdo e fiscalização : de acordo com as Leis n° 8.666/1993, n° 14.133/2021 e n° 13.303/2016 /
Indicação de responsabilidade Paulo Sérgio de Monteiro Reis ; prefácio Edgar Guimarães.
260 ## - PUBLICAÇÃO, DISTRIBUIÇÃO, ETC.
Local de publicação Belo Horizonte :
Editora Fórum,
Data c2021.
300 ## - DESCRIÇÃO FÍSICA
N. páginas ou volumes 288 p. :
Ilustrações il. ;
Dimensões 22 cm
504 ## - NOTA DE BIBLIOGRAFIA, ETC.
Nota de bibliografia Inclui bibliografia.
590 ## - NOTA LOCAL
Campo de ligação e número de sequência A Biblioteca possui 1. reimpr. 2022.
650 ## - ASSUNTO TÓPICO
Cabeçalho tópico ou nome geográfico Contrato administrativo
Subdivisão geográfica Brasil
650 ## - ASSUNTO TÓPICO
Cabeçalho tópico ou nome geográfico Concessão de serviços públicos
Subdivisão geográfica Brasil
650 ## - ASSUNTO TÓPICO
Cabeçalho tópico ou nome geográfico Empresas estatais
Subdivisão geral Contrato administrativo
942 ## - ELEMENTOS DE ENTRADA ADICIONAIS (KOHA)
Fonte de classificação ou esquema de arquivamento Classificação Decimal Universal
Tipo de item do Koha Livros
Holdings
Estado: removido Estado: perdido Fonte de classificação ou esquema de arquivamento Estado: danificado Indisponível para empréstimo Localização permanente Localização atual Data de aquisição Total Checkouts Número de Chamada completo Código de barras Date last seen Número do exemplar Preço efetivo a partir de Tipo de item (Koha) Nota pública
    Classificação Decimal Universal     Biblioteca da Escola Superior de Contas do TCE/MT Biblioteca da Escola Superior de Contas do TCE/MT 28/06/2023   351.712.2 R375c BIBTCEMT23080098 16/08/2023 Ex. 1 16/08/2023 Livros 1. reimpr. 2022
    Classificação Decimal Universal     Biblioteca da Escola Superior de Contas do TCE/MT Biblioteca da Escola Superior de Contas do TCE/MT 01/11/2023   351.712.2 R375c BIBTCEMT23110008 01/11/2023 Ex. 2 01/11/2023 Livros 1. reimpr. 2022
    Classificação Decimal Universal     Biblioteca da Escola Superior de Contas do TCE/MT Biblioteca da Escola Superior de Contas do TCE/MT 01/11/2023   351.712.2 R375c BIBTCEMT23110009 01/11/2023 Ex. 3 01/11/2023 Livros 1. reimpr. 2022
    Classificação Decimal Universal     Biblioteca da Escola Superior de Contas do TCE/MT Biblioteca da Escola Superior de Contas do TCE/MT 01/11/2023   351.712.2 R375c BIBTCEMT23110010 01/11/2023 Ex. 4 01/11/2023 Livros 1. reimpr. 2022

Powered by Koha